Microprocessor architecture (Record no. 137300)

000 -LEADER
fixed length control field 00273nam a2200097Ia 4500
008 - FIXED-LENGTH DATA ELEMENTS--GENERAL INFORMATION
fixed length control field 220120s9999||||xx |||||||||||||| ||und||
100 ## - MAIN ENTRY--PERSONAL NAME
Personal name Gaonkar, Ramesh, S
245 #0 - TITLE STATEMENT
Title Microprocessor architecture
260 ## - PUBLICATION, DISTRIBUTION, ETC.
Place of publication, distribution, etc. Penram international publishing
Name of publisher, distributor, etc. Bangalooru
Date of publication, distribution, etc. 1999
300 ## - PHYSICAL DESCRIPTION
Other physical details 0
Holdings
Withdrawn status Lost status Damaged status Not for loan Collection code Home library Current library Date acquired Barcode Date last seen Price effective from Koha item type
        Computer Science and Engineering Central Library Central Library 01/20/2022 GF1159 01/20/2022 01/20/2022 Gift Books

Powered by Koha